Positive leadership: How to build a winning team (Record no. 166191)

MARC details
000 -LEADER
fixed length control field 00375nam a2200145Ia 4500
008 - FIXED-LENGTH DATA ELEMENTS--GENERAL INFORMATION
fixed length control field 231217s9999 xx 000 0 und d
041 ## - LANGUAGE CODE
Language code of text/sound track or separate title English
082 ## - DEWEY DECIMAL CLASSIFICATION NUMBER
Classification number 158.4 PEG `R'
100 ## - MAIN ENTRY--PERSONAL NAME
Personal name Pegg, Mike
245 #0 - TITLE STATEMENT
Title Positive leadership: How to build a winning team
260 ## - PUBLICATION, DISTRIBUTION, ETC.
Date of publication, distribution, etc. 1994
Name of publisher, distributor, etc. UBSPD, N.Delhi
300 ## - PHYSICAL DESCRIPTION
Extent 186
650 ## - SUBJECT ADDED ENTRY--TOPICAL TERM
Topical term or geographic name entry element Team building Leadership
942 ## - ADDED ENTRY ELEMENTS (KOHA)
Koha item type Books
Holdings
Date last seen Total checkouts Full call number Accession number Cost, total (INR) price Price effective from Category Lost status Damaged status Department Withdrawn status Home library Current library Entry date Vendor Cost, normal purchase price Grants Billnumber Billdate Currency symbol Conversion rate Discount Old discount
26/01/2024   158.4 PEG `R' 12570 106.25 26/01/2024 Books     Central Library   Central Library Central Library 21/01/1999 Vinayaka 125.00 GEN 1049 14/09/2001 RS 1 18.75 15

© For any Suggestions or Query, please contact the library staff @ librarian@pes.edu or Phone: +9180 2672 1983/ 2108.